100 + 1 historias curiosas de la ciencia /
Gespeichert in:
| 1. Verfasser: | |
|---|---|
| Format: | Elektronisch E-Book |
| Sprache: | Spanisch |
| Veröffentlicht: |
[Aranjuez Madrid] :
Doce Calles,
[2023]
|
| Schlagworte: | |
| Online-Zugang: | Digitalia Hispánica |
| Tags: |
Tag hinzufügen
Keine Tags, Fügen Sie den ersten Tag hinzu!
|
MARC
| LEADER | 00000nam a2200000Ii 4500 | ||
|---|---|---|---|
| 001 | DIGDOCEC0248 | ||
| 003 | NyNyDIG | ||
| 006 | m o d | ||
| 007 | cr ||||||||||| | ||
| 008 | 250204s2023 sp a o 000 0 spa d | ||
| 035 | |a (OCoLC)1500527763 | ||
| 040 | |a DGITA |b eng |e rda |e pn |c DGITA | ||
| 050 | 1 | 4 | |a Q126.8 ebook |
| 100 | 1 | |a Gargantilla Madera, Pedro, |e author. | |
| 245 | 1 | 0 | |a 100 + 1 historias curiosas de la ciencia / |c Pedro Gargantilla Madera. |
| 246 | 1 | 4 | |a Ciencia por un tubo : |b 101 historias curiosas de la ciencia |
| 246 | 3 | |a Cien más un historias curiosas de la ciencia | |
| 246 | 3 | |a Ciento un historias curiosas de la ciencia | |
| 264 | 1 | |a [Aranjuez Madrid] : |b Doce Calles, |c [2023] | |
| 300 | |a 1 online resource : |b illustrations. | ||
| 336 | |a text |b txt |2 rdacontent | ||
| 337 | |a computer |b c |2 rdamedia | ||
| 338 | |a online resource |b cr |2 rdacarrier | ||
| 347 | |a text file |2 rdaft | ||
| 347 | |b PDF | ||
| 588 | 0 | |a Online resource; title from PDF title page (Digitalia, viewed February 4, 2025) | |
| 650 | 0 | |a Science |x History. | |
| 650 | 0 | |a Science |x Historiography. | |
| 791 | 2 | |a Digitalia (Firm), |e distributor. | |
| 793 | 0 | |g Digitalia eBook Collection: |a Ediciones Doce Calles | |
| 776 | 0 | 8 | |i Print version: |a Gargantilla Madera, Pedro. |t 100 + 1 historias curiosas de la ciencia. |d [Aranjuez Madrid] : Ediciones Doce Calles, [2023] |
| 856 | 4 | 0 | |3 Digitalia Hispánica |u https://digitalia.unach.elogim.com/a/170444/ |
| 910 | |a Premium collection: 2025 | ||